Platobná bilancia a menový kurz bakalárska práca

Salvato in:
Dettagli Bibliografici
Autore principale: Knošková, Michaela
Ente Autore: Národohospodárska fakulta EU. Katedra bankovníctva a medzinárodných financií
Altri autori: Kováčová, Jana
Natura: Libro
Lingua:slovacco
Pubblicazione: Bratislava 2016
Tags: Aggiungi Tag
Nessun Tag, puoi essere il primo ad aggiungerne!!

MARC

LEADER 00000nbm a2200000 4500
001 0219763
005 20161121135420.1
041 0 |a slo 
044 |a SK 
245 1 0 |a Platobná bilancia a menový kurz  |b bakalárska práca  |c Michaela Knošková ; školiteľ: Jana Kováčová 
264 1 |a Bratislava  |c 2016 
300 |a 44 s. 
100 1 |a Knošková, Michaela 
700 1 |a Kováčová, Jana 
710 2 |a Národohospodárska fakulta EU. Katedra bankovníctva a medzinárodných financií